[Event "6th Norway Blitz 2018"]
[Site "Stavanger NOR"]
[Date "2018.05.27"]
[Round "1.1"]
[White "Carlsen, Magnus"]
[Black "Karjakin, Sergey"]
[Result "1/2-1/2"]
[WhiteTitle "GM"]
[BlackTitle "GM"]
[WhiteElo "2843"]
[BlackElo "2782"]
[WhiteFideId "1503014"]
[BlackFideId "14109603"]
[EventDate "2018.05.27"]

1. e3 Nf6 2. c4 e6 3. Nc3 d5 4. Nf3 Be7 5. b3 O-O 6. Bb2 b6 7. cxd5 Nxd5 8. Nxd5
exd5 9. Qc2 c5 10. a3 Nc6 11. Bb5 Bb7 12. O-O Rc8 13. Rac1 a6 14. Be2 d4 15. Qb1
Qd7 16. Rfe1 g6 17. Ba1 Rfd8 18. h3 a5 19. Bb5 Bf6 20. b4 axb4 21. axb4 Qd6 22.
bxc5 bxc5 23. Bc4 Rc7 24. exd4 Nxd4 25. Bxd4 Bxd4 26. Nxd4 Qxd4 27. Qb6 Qf4 28.
Rcd1 Kg7 29. Bf1 Rd4 30. Re3 c4 31. g3 Qd6 32. Qxd6 Rxd6 33. Rc3 Rcd7 34. Rxc4
Rxd2 35. Rxd2 Rxd2 36. Rc1 1/2-1/2

[Event "6th Norway Blitz 2018"]
[Site "Stavanger NOR"]
[Date "2018.05.27"]
[Round "1.2"]
[White "Ding, Liren"]
[Black "So, Wesley"]
[Result "0-1"]
[WhiteTitle "GM"]
[BlackTitle "GM"]
[WhiteElo "2791"]
[BlackElo "2778"]
[WhiteFideId "8603677"]
[BlackFideId "5202213"]
[EventDate "2018.05.27"]

1. c4 c5 2. Nf3 Nc6 3. Nc3 g6 4. e3 Nf6 5. d4 cxd4 6. exd4 d5 7. cxd5 Nxd5 8.
Qb3 Nxc3 9. Bc4 e6 10. bxc3 Bd7 11. Be2 Na5 12. Qb1 Rc8 13. O-O Bg7 14. Ba3 Bf8
15. Bb4 Bxb4 16. cxb4 Nc6 17. b5 Ne7 18. Ne5 O-O 19. Bf3 b6 20. Qb4 f6 21. Nd3
Be8 22. Rac1 Rxc1 23. Rxc1 Nf5 24. d5 e5 25. Bd1 Bf7 26. Qa3 Qxd5 27. Nb4 Qxb5
28. Nc6 Rc8 29. Ba4 Qe2 30. Nxa7 Rxc1+ 31. Qxc1 Qxa2 32. Qd1 Nd4 33. Nb5 Bb3 34.
Bxb3+ Qxb3 35. Qxb3+ Nxb3 36. f3 Nd4 0-1

[Event "6th Norway Blitz 2018"]
[Site "Stavanger NOR"]
[Date "2018.05.27"]
[Round "2.2"]
[White "Karjakin, Sergey"]
[Black "Aronian, Levon"]
[Result "1-0"]
[WhiteTitle "GM"]
[BlackTitle "GM"]
[WhiteElo "2782"]
[BlackElo "2764"]
[WhiteFideId "14109603"]
[BlackFideId "13300474"]
[EventDate "2018.05.27"]

1. b3 d5 2. Bb2 c6 3. g3 Bf5 4. Bg2 e6 5. Nf3 h6 6. O-O Nf6 7. c4 Nbd7 8. d3 Bh7
9. Nbd2 Bd6 10. a3 a5 11. Bc3 O-O 12. b4 e5 13. cxd5 axb4 14. Bxb4 Bxb4 15. axb4
cxd5 16. Rxa8 Qxa8 17. Qb3 Rc8 18. Bh3 b6 19. Qb2 Re8 20. Nh4 e4 21. dxe4 dxe4
22. Nc4 Qb8 23. Rd1 Qc7 24. Nd6 Ra8 25. Ng2 Nf8 26. Ne3 Rd8 27. Nb5 Rxd1+ 28.
Nxd1 Qd8 29. Nd4 Ng6 30. Ne3 Ne7 31. b5 Nfd5 32. Nc6 Qc7 33. Nxd5 Nxd5 34. Qa2
Qd6 35. Qa8+ Qf8 36. Qb7 e3 37. f3 Bb1 38. Qd7 Nc3 39. Bf1 Ba2 1-0

[Event "6th Norway Blitz 2018"]
[Site "Stavanger NOR"]
[Date "2018.05.27"]
[Round "2.3"]
[White "So, Wesley"]
[Black "Anand, Viswanathan"]
[Result "1/2-1/2"]
[WhiteTitle "GM"]
[BlackTitle "GM"]
[WhiteElo "2778"]
[BlackElo "2760"]
[WhiteFideId "5202213"]
[BlackFideId "5000017"]
[EventDate "2018.05.27"]

1. Nf3 d5 2. g3 c6 3. Bg2 Bg4 4. h3 Bh5 5. O-O Nd7 6. d3 e6 7. c4 Bd6 8. Nc3 Ne7
9. b3 O-O 10. Bb2 f6 11. cxd5 cxd5 12. e4 dxe4 13. dxe4 Ne5 14. Nb5 Bxf3 15.
Bxf3 Bc5 16. Be2 Qb6 17. Nc3 Rfd8 18. Qc2 Rac8 19. Rac1 Bd4 20. Qb1 N7c6 21. Kg2
Bxc3 22. Bxc3 Nd4 23. Qb2 Nxe2 24. Qxe2 Nd3 25. Rc2 Nb4 26. Rcc1 Nd3 27. Rc2 Nb4
28. Bxb4 Qxb4 29. Rxc8 Rxc8 30. Rd1 Qe7 31. e5 b6 32. h4 h6 33. exf6 Qxf6 34.
Rd6 Re8 35. Rd7 Re7 36. Rd8+ Kh7 37. Qe4+ Qf5 38. Qxf5+ exf5 39. Rf8 Re2 40.
Rxf5 Rxa2 1/2-1/2

[Event "6th Norway Blitz 2018"]
[Site "Stavanger NOR"]
[Date "2018.05.27"]
[Round "3.1"]
[White "Carlsen, Magnus"]
[Black "So, Wesley"]
[Result "1-0"]
[WhiteTitle "GM"]
[BlackTitle "GM"]
[WhiteElo "2843"]
[BlackElo "2778"]
[WhiteFideId "1503014"]
[BlackFideId "5202213"]
[EventDate "2018.05.27"]

1. Nf3 d5 2. g3 Bg4 3. Bg2 e6 4. O-O Nf6 5. d4 Be7 6. c4 c6 7. Nc3 O-O 8. Qb3
Qb6 9. Ne5 Bh5 10. Bf4 Nbd7 11. Nxd7 Nxd7 12. e4 dxe4 13. Nxe4 Rfd8 14. Rfe1 Nf6
15. Nc5 Qxb3 16. axb3 Bxc5 17. dxc5 a6 18. b4 Rac8 19. Be5 Bg6 20. Red1 Bd3 21.
b3 Bc2 22. Rxd8+ Rxd8 23. b5 Bxb3 24. bxa6 bxa6 25. Bxc6 Bxc4 26. Bb7 Bd5 27. c6
Rf8 28. Bxf6 gxf6 29. Rxa6 Kg7 30. f4 f5 31. Kf2 Kf6 32. Ke3 Ke7 33. Kd4 Kd6 34.
c7+ Kxc7 35. Bxd5 Rd8 36. Ra5 Kb6 37. Rc5 f6 38. Rc6+ 1-0

[Event "6th Norway Blitz 2018"]
[Site "Stavanger NOR"]
[Date "2018.05.27"]
[Round "3.4"]
[White "Ding, Liren"]
[Black "Caruana, Fabiano"]
[Result "0-1"]
[WhiteTitle "GM"]
[BlackTitle "GM"]
[WhiteElo "2791"]
[BlackElo "2822"]
[WhiteFideId "8603677"]
[BlackFideId "2020009"]
[EventDate "2018.05.27"]

1. d4 d6 2. Nf3 Nf6 3. c4 g6 4. g3 Bg7 5. Bg2 O-O 6. O-O c6 7. Nc3 Bf5 8. Nd2 e5
9. d5 Qc8 10. e4 Bg4 11. f3 Bd7 12. Nb3 a5 13. a4 Na6 14. Be3 Nb4 15. Rf2 Qd8
16. dxc6 Bxc6 17. Nc1 Qe7 18. Nd3 Nd7 19. b3 Nxd3 20. Qxd3 Nc5 21. Qc2 f5 22.
Rd1 Ne6 23. exf5 gxf5 24. f4 e4 25. Rfd2 Rad8 26. Nd5 Qf7 27. Bb6 Rd7 28. Bxa5
h5 29. Bc3 h4 30. Ne3 hxg3 31. hxg3 Qg6 32. Kf2 Bxc3 33. Qxc3 Rg7 34. Nf1 Nxf4
35. Rxd6 Qg4 36. gxf4 Qxg2+ 37. Ke1 Qg4 38. Qe3 Qh4+ 39. Qf2 Qh3 40. Ne3 Rg3 0-1

[Event "6th Norway Blitz 2018"]
[Site "Stavanger NOR"]
[Date "2018.05.27"]
[Round "4.3"]
[White "So, Wesley"]
[Black "Aronian, Levon"]
[Result "1/2-1/2"]
[WhiteTitle "GM"]
[BlackTitle "GM"]
[WhiteElo "2778"]
[BlackElo "2764"]
[WhiteFideId "5202213"]
[BlackFideId "13300474"]
[EventDate "2018.05.27"]

1. Nf3 Nf6 2. c4 e6 3. b3 d5 4. Bb2 c5 5. cxd5 exd5 6. g3 d4 7. Bg2 Nc6 8. O-O
Be7 9. Na3 O-O 10. e3 Bg4 11. h3 Bh5 12. Re1 Rc8 13. g4 Bg6 14. Nc4 Nb4 15. Nce5
Bc2 16. Qe2 Bd6 17. d3 Re8 18. a3 Bxe5 19. axb4 Bxb3 20. bxc5 Rxc5 21. Bxd4 Rc2
22. Qd1 Rc3 23. Qb1 Bxd4 24. Nxd4 Bd5 25. Rxa7 Bxg2 26. Kxg2 Qd5+ 27. Kg1 h5 28.
Qxb7 Qxb7 29. Rxb7 hxg4 30. hxg4 Rxd3 31. g5 Rxd4 32. gxf6 gxf6 33. Ra1 Rd6 34.
Raa7 Rf8 35. Kg2 Kg7 36. Kf3 Re6 37. Rb4 Rfe8 38. Rbb7 Rf8 39. Kf4 Rc6 40. f3
Rc5 41. e4 Rh5 42. Rc7 Rh6 43. Rc6 Rg6 44. Rcc7 1/2-1/2

[Event "6th Norway Blitz 2018"]
[Site "Stavanger NOR"]
[Date "2018.05.27"]
[Round "4.4"]
[White "Caruana, Fabiano"]
[Black "Karjakin, Sergey"]
[Result "1-0"]
[WhiteTitle "GM"]
[BlackTitle "GM"]
[WhiteElo "2822"]
[BlackElo "2782"]
[WhiteFideId "2020009"]
[BlackFideId "14109603"]
[EventDate "2018.05.27"]

1. c4 Nf6 2. Nc3 e5 3. Nf3 Nc6 4. d3 d5 5. cxd5 Nxd5 6. e4 Nf6 7. Be2 Bc5 8. O-O
O-O 9. Be3 Bb6 10. Na4 Bg4 11. Rc1 Bxf3 12. Bxf3 Nd4 13. Nc5 Rb8 14. Rc4 Nxf3+
15. Qxf3 Nd7 16. b4 Re8 17. Rd1 Bxc5 18. bxc5 Nf8 19. c6 b6 20. d4 exd4 21.
Rcxd4 Qe7 22. Qg3 Rbc8 23. Bf4 Qc5 24. Bxc7 Qxc6 25. Be5 Ng6 26. Rd6 Qxe4 27.
Bc3 Rxc3 28. Qxc3 Nf4 29. f3 Ne2+ 30. Kf1 Nxc3 31. fxe4 Nxd1 32. Rxd1 g6 33. Rd7
a5 34. Rb7 Rxe4 35. Rxb6 Rb4 36. Rxb4 axb4 37. Ke2 f5 38. Kd3 g5 39. Kc4 Kf7 40.
Kxb4 Ke6 41. Kc4 h5 42. Kd4 h4 43. h3 g4 44. a4 Kd6 45. Ke3 Kc5 46. Kf4 gxh3 47.
gxh3 Kb4 48. Kxf5 Kxa4 49. Kg5 Kb5 50. Kxh4 Kc6 51. Kg5 Kd7 52. Kf6 Ke8 53. Kg7 1-0

[Event "6th Norway Blitz 2018"]
[Site "Stavanger NOR"]
[Date "2018.05.27"]
[Round "5.1"]
[White "Carlsen, Magnus"]
[Black "Ding, Liren"]
[Result "1/2-1/2"]
[WhiteTitle "GM"]
[BlackTitle "GM"]
[WhiteElo "2843"]
[BlackElo "2791"]
[WhiteFideId "1503014"]
[BlackFideId "8603677"]
[EventDate "2018.05.27"]

1. c4 e5 2. g3 Nf6 3. Bg2 Bc5 4. Nc3 c6 5. e3 O-O 6. Nge2 d5 7. cxd5 Nxd5 8. d4
exd4 9. Nxd5 cxd5 10. Nxd4 Nc6 11. Nxc6 bxc6 12. O-O Be6 13. Qc2 Qb6 14. b3 d4
15. exd4 Bxd4 16. Bb2 Bxb2 17. Qxb2 Rac8 18. Rac1 c5 19. Rc2 c4 20. bxc4 Rxc4
21. Qxb6 axb6 22. Rxc4 Bxc4 23. Rb1 Bxa2 24. Rxb6 Be6 25. Ra6 g6 26. Ra8 Rxa8
27. Bxa8 Kg7 28. f4 Kf6 1/2-1/2

[Event "6th Norway Blitz 2018"]
[Site "Stavanger NOR"]
[Date "2018.05.27"]
[Round "5.4"]
[White "Anand, Viswanathan"]
[Black "Caruana, Fabiano"]
[Result "0-1"]
[WhiteTitle "GM"]
[BlackTitle "GM"]
[WhiteElo "2760"]
[BlackElo "2822"]
[WhiteFideId "5000017"]
[BlackFideId "2020009"]
[EventDate "2018.05.27"]

1. e4 e5 2. Nf3 Nc6 3. Bc4 Bc5 4. d3 Nf6 5. O-O d6 6. c3 a5 7. Re1 O-O 8. h3 h6
9. Nbd2 a4 10. Bb5 Bd7 11. Nf1 Ne7 12. Bxd7 Nxd7 13. d4 Bb6 14. Ng3 f5 15. exf5
Nxf5 16. Nxf5 Rxf5 17. Be3 e4 18. Nd2 d5 19. Qg4 Qf6 20. Bxh6 Rf8 21. Be3 c5 22.
Rad1 cxd4 23. cxd4 Ba5 24. Rf1 Nb8 25. Nb1 Nc6 26. Na3 Bc7 27. Nc2 Nd8 28. f3
Ne6 29. Rf2 0-1

[Event "6th Norway Blitz 2018"]
[Site "Stavanger NOR"]
[Date "2018.05.27"]
[Round "6.1"]
[White "Anand, Viswanathan"]
[Black "Carlsen, Magnus"]
[Result "1/2-1/2"]
[WhiteTitle "GM"]
[BlackTitle "GM"]
[WhiteElo "2760"]
[BlackElo "2843"]
[WhiteFideId "5000017"]
[BlackFideId "1503014"]
[EventDate "2018.05.27"]

1. e4 e5 2. Nf3 Nc6 3. Bb5 Nf6 4. d3 Bc5 5. c3 O-O 6. O-O d6 7. h3 Bb6 8. Nbd2
Ne7 9. Re1 c6 10. Ba4 Ng6 11. Nf1 d5 12. Ng3 dxe4 13. Nxe4 Nxe4 14. dxe4 Be6 15.
Bb3 Qe7 16. Bxe6 Qxe6 17. Qb3 Qxb3 18. axb3 f6 19. g3 Rfd8 20. Nd2 Nf8 21. Nc4
Ne6 22. Nxb6 axb6 23. Be3 Rxa1 24. Rxa1 b5 25. Kf1 g6 26. Ke2 Kf7 27. Ra7 Rd7
28. Ra8 Rd8 29. Ra7 1/2-1/2

[Event "6th Norway Blitz 2018"]
[Site "Stavanger NOR"]
[Date "2018.05.27"]
[Round "6.2"]
[White "So, Wesley"]
[Black "Karjakin, Sergey"]
[Result "1-0"]
[WhiteTitle "GM"]
[BlackTitle "GM"]
[WhiteElo "2778"]
[BlackElo "2782"]
[WhiteFideId "5202213"]
[BlackFideId "14109603"]
[EventDate "2018.05.27"]

1. e4 e5 2. Nf3 Nc6 3. Bb5 Nf6 4. d3 Bc5 5. Nc3 O-O 6. Bxc6 dxc6 7. Be3 Bd6 8.
h3 c5 9. g4 Nd7 10. Ne2 Nb8 11. Ng3 Nc6 12. Nf5 Re8 13. h4 Bf8 14. h5 a5 15. c3
a4 16. Qc2 Be6 17. Ng5 c4 18. O-O-O cxd3 19. Rxd3 Qc8 20. Nxe6 Qxe6 21. Kb1 Na5
22. Qxa4 b5 23. Qc2 Reb8 24. b3 Nc4 25. Bc1 Na3+ 26. Bxa3 Rxa3 27. Rhd1 g6 28.
hxg6 fxg6 29. Ne3 c6 30. Rd8 Raa8 31. R8d7 Bc5 32. Qd2 Rf8 33. Nf5 Qf6 34. Qh6
Rf7 35. g5 Qe6 36. Rd8+ Bf8 37. Rxa8 1-0

[Event "6th Norway Blitz 2018"]
[Site "Stavanger NOR"]
[Date "2018.05.27"]
[Round "6.5"]
[White "Ding, Liren"]
[Black "Aronian, Levon"]
[Result "1/2-1/2"]
[WhiteTitle "GM"]
[BlackTitle "GM"]
[WhiteElo "2791"]
[BlackElo "2764"]
[WhiteFideId "8603677"]
[BlackFideId "13300474"]
[EventDate "2018.05.27"]

1. d4 Nf6 2. c4 e6 3. Nc3 Bb4 4. e3 O-O 5. Bd3 d5 6. Ne2 dxc4 7. Bxc4 c5 8. O-O
cxd4 9. exd4 Nbd7 10. a3 Be7 11. Bg5 Nb6 12. Ba2 Bd7 13. Qd3 Bc6 14. Rad1 Na4
15. Rd2 Nxc3 16. Nxc3 Qc7 17. d5 Nxd5 18. Nxd5 exd5 19. Bxe7 Qxe7 20. Bxd5 Rad8
21. Qb3 Bxd5 22. Rxd5 Rxd5 23. Qxd5 Rd8 24. Qc4 b6 25. g3 g6 26. Rc1 Qf6 27. Qc3
Qf5 28. Re1 Rc8 29. Qd4 h5 30. h4 Qc5 31. Qxc5 Rxc5 32. b4 Rc3 33. Re3 Rxe3 34.
fxe3 Kg7 35. Kf2 Kf6 36. e4 Ke5 37. Ke3 b5 38. Kd3 f6 39. Ke3 g5 40. g4 hxg4 41.
h5 Ke6 42. Kf2 Kf7 43. Kg3 Kg7 44. Kxg4 Kh6 45. Kf5 Kh7 46. Kxf6 g4 47. e5 g3
48. e6 g2 49. e7 g1=Q 50. e8=Q Qf2+ 51. Ke7 Qe3+ 52. Kd8 Qxa3 53. Qf7+ Kh8 54.
Qf6+ Kh7 55. Qg6+ Kh8 56. h6 Qc3 57. Qg7+ Qxg7 58. hxg7+ Kxg7 59. Kc7 a5 60.
bxa5 b4 61. a6 b3 62. a7 b2 1/2-1/2

[Event "6th Norway Blitz 2018"]
[Site "Stavanger NOR"]
[Date "2018.05.27"]
[Round "7.1"]
[White "Carlsen, Magnus"]
[Black "Caruana, Fabiano"]
[Result "1-0"]
[WhiteTitle "GM"]
[BlackTitle "GM"]
[WhiteElo "2843"]
[BlackElo "2822"]
[WhiteFideId "1503014"]
[BlackFideId "2020009"]
[EventDate "2018.05.27"]

1. d4 Nf6 2. c4 e6 3. Nc3 Bb4 4. e3 O-O 5. Bd3 c5 6. Ne2 d5 7. cxd5 Nxd5 8. a3
Ba5 9. O-O cxd4 10. exd4 Nc6 11. Bc2 Nce7 12. Qd3 Ng6 13. Nxd5 exd5 14. Bd2 Bc7
15. Bf4 Re8 16. Bxc7 Qxc7 17. Rae1 Bd7 18. Nc3 Qd6 19. Qg3 Qxg3 20. hxg3 Bc6 21.
Bxg6 hxg6 22. f3 f6 23. Rxe8+ Rxe8 24. Kf2 Kf7 25. Rc1 g5 26. g4 Rd8 27. Nd1 g6
28. Ne3 Rh8 29. a4 Ke6 30. a5 Kd6 31. Nc2 Bb5 32. Nb4 b6 33. axb6 axb6 34. Na2
Bd7 35. Nc3 Rc8 36. Ra1 Rc4 37. Ke3 Rb4 38. Rb1 f5 39. b3 fxg4 40. Na2 Rb5 41.
b4 gxf3 42. Kxf3 Bf5 43. Rb2 Kd7 44. Nc3 Kc6 45. Ke3 Be6 46. Kd2 Bf5 47. Rb3 Be6
48. Kc1 Bf5 49. Kb2 Be4 50. g3 Bf5 51. Ka3 Bc2 52. Rb2 Bd3 53. Rf2 1-0

[Event "6th Norway Blitz 2018"]
[Site "Stavanger NOR"]
[Date "2018.05.27"]
[Round "8.1"]
[White "Carlsen, Magnus"]
[Black "Aronian, Levon"]
[Result "0-1"]
[WhiteTitle "GM"]
[BlackTitle "GM"]
[WhiteElo "2843"]
[BlackElo "2764"]
[WhiteFideId "1503014"]
[BlackFideId "13300474"]
[EventDate "2018.05.27"]

1. e4 e5 2. Nf3 Nc6 3. Bb5 Nf6 4. d3 Bc5 5. Bxc6 dxc6 6. Qe2 Qe7 7. Nbd2 Bg4 8.
h3 Bh5 9. a3 Nd7 10. b4 Bb6 11. Nc4 a5 12. Rb1 axb4 13. axb4 Ra2 14. O-O O-O 15.
Rb2 Rfa8 16. c3 Ra1 17. Rc2 f6 18. Rd1 Nf8 19. Nxb6 cxb6 20. Be3 Ne6 21. Rd2 b5
22. Rxa1 Rxa1+ 23. Rd1 Ra3 24. Qb2 Bxf3 25. gxf3 Ra4 26. Qb3 Kh8 27. d4 exd4 28.
cxd4 Rxb4 29. Qd3 Ng5 30. Bxg5 fxg5 31. d5 cxd5 32. Qxd5 h6 33. Qf5 Rc4 34. Rd7
Qf6 35. Qd5 Rc8 36. Kg2 Rf8 37. Qd3 Qc6 38. Rd5 b4 39. Rb5 Qc3 40. Qxc3 bxc3 41.
Rc5 b5 42. Rxc3 b4 43. Rb3 Rb8 44. Kf1 Kg8 45. Ke2 Kf7 46. Kd3 Ke6 47. Kc4 Ke5
48. Rxb4 Rxb4+ 49. Kxb4 Kd4 50. Kb3 h5 51. Kc2 g4 52. hxg4 h4 0-1

[Event "6th Norway Blitz 2018"]
[Site "Stavanger NOR"]
[Date "2018.05.27"]
[Round "8.3"]
[White "Ding, Liren"]
[Black "Karjakin, Sergey"]
[Result "1-0"]
[WhiteTitle "GM"]
[BlackTitle "GM"]
[WhiteElo "2791"]
[BlackElo "2782"]
[WhiteFideId "8603677"]
[BlackFideId "14109603"]
[EventDate "2018.05.27"]

1. Nf3 c5 2. g3 Nc6 3. Bg2 Nf6 4. O-O e5 5. d3 d5 6. e4 d4 7. a4 Be7 8. Na3 O-O
9. Nc4 Nd7 10. Nfd2 Nb6 11. f4 exf4 12. gxf4 f5 13. Ne5 Nxe5 14. fxe5 f4 15. a5
Nd7 16. Nc4 Bg5 17. h4 Bh6 18. Qh5 Qe7 19. Bd2 Rb8 20. Rf2 b5 21. axb6 axb6 22.
Bh3 Bb7 23. Ra7 Kh8 24. e6 Nf6 25. Qe5 Ra8 26. Rxa8 Rxa8 27. Bxf4 Bxf4 28. Rxf4
h6 29. Nd6 Bc6 30. Nf5 Qe8 31. Nxg7 Qg6+ 32. Kh2 Ra1 33. Bg2 1-0

[Event "6th Norway Blitz 2018"]
[Site "Stavanger NOR"]
[Date "2018.05.27"]
[Round "8.4"]
[White "Caruana, Fabiano"]
[Black "So, Wesley"]
[Result "0-1"]
[WhiteTitle "GM"]
[BlackTitle "GM"]
[WhiteElo "2822"]
[BlackElo "2778"]
[WhiteFideId "2020009"]
[BlackFideId "5202213"]
[EventDate "2018.05.27"]

1. c4 c5 2. Nf3 Nc6 3. Nc3 g6 4. g3 Bg7 5. Bg2 d6 6. O-O Bf5 7. h3 Qd7 8. Kh2
Nf6 9. d3 h6 10. e4 Be6 11. Be3 g5 12. Ng1 g4 13. h4 O-O 14. Nge2 Qd8 15. Nf4
Bd7 16. Rb1 Kh7 17. Ncd5 Ng8 18. b4 b6 19. Nh5 Be5 20. Bf4 Bh8 21. bxc5 bxc5 22.
Be3 Rb8 23. Rxb8 Qxb8 24. Bd2 Qb2 25. Re1 Qxa2 26. Re2 Qa1 27. Bc1 Rb8 28. Re1
Rb1 29. Qd2 Be5 30. Qe3 Qd4 31. Qe2 Qa1 32. Qe3 e6 33. Nc7 Qd4 34. Qe2 Qa1 35.
Qe3 Nd4 36. Rf1 Nc2 37. Qd2 Qc3 38. Qd1 Nd4 39. Nb5 Bxb5 40. cxb5 Qc2 41. Qxg4
Rxc1 42. Rxc1 Qxc1 43. f4 Bh8 44. e5 d5 45. Qh3 Qd1 46. g4 Qe2 47. Qg3 Ne7 48.
Kh1 Ng6 49. Nf6+ Bxf6 50. exf6 Qd1+ 51. Kh2 Ne2 52. Qf2 Ngxf4 53. Qxc5 Kg6 54.
h5+ Kxf6 55. Qxa7 d4 0-1

[Event "6th Norway Blitz 2018"]
[Site "Stavanger NOR"]
[Date "2018.05.27"]
[Round "9.2"]
[White "Karjakin, Sergey"]
[Black "Anand, Viswanathan"]
[Result "1/2-1/2"]
[WhiteTitle "GM"]
[BlackTitle "GM"]
[WhiteElo "2782"]
[BlackElo "2760"]
[WhiteFideId "14109603"]
[BlackFideId "5000017"]
[EventDate "2018.05.27"]

1. b3 d5 2. Bb2 c5 3. e3 Nc6 4. Bb5 Bd7 5. Nf3 Nf6 6. O-O e6 7. c4 dxc4 8. Bxc4
Be7 9. Be2 O-O 10. Na3 Nd5 11. Nc4 Bf6 12. Rc1 Bxb2 13. Nxb2 Qe7 14. Qc2 b6 15.
Nc4 e5 16. d3 Rfe8 17. Qb2 Bg4 18. h3 Bh5 19. Rfd1 Bg6 20. a3 Rad8 21. Ncd2 Na5
22. Nc4 Nc6 23. Ncd2 Na5 24. Nc4 1/2-1/2

[Event "6th Norway Blitz 2018"]
[Site "Stavanger NOR"]
[Date "2018.05.27"]
[Round "9.4"]
[White "Aronian, Levon"]
[Black "Caruana, Fabiano"]
[Result "0-1"]
[WhiteTitle "GM"]
[BlackTitle "GM"]
[WhiteElo "2764"]
[BlackElo "2822"]
[WhiteFideId "13300474"]
[BlackFideId "2020009"]
[EventDate "2018.05.27"]

1. e4 c5 2. Nf3 e6 3. d4 cxd4 4. Qxd4 Nc6 5. Qd3 Nf6 6. Nc3 Bb4 7. Bd2 O-O 8.
Be2 d5 9. exd5 exd5 10. O-O h6 11. Rfe1 Be6 12. Bf1 Qd7 13. Nd4 Rac8 14. Nxc6
bxc6 15. Rad1 Bd6 16. h3 Bf5 17. Qd4 c5 18. Qh4 d4 19. Nb5 Be7 20. Qg3 Ne4 21.
Qf3 Nxd2 22. Rxd2 Bg5 23. Rde2 d3 24. cxd3 Bxd3 25. Re7 Bxe7 26. Bxd3 g6 27. Bc4
Kg7 28. Rd1 Qc6 29. Qe2 Qf6 30. Nxa7 Ra8 31. Nb5 Rad8 32. Re1 Bd6 33. Qc2 Rfe8
34. Rf1 Bb8 35. b3 h5 36. Nc3 Qe5 37. g3 h4 38. Ne2 hxg3 39. fxg3 Qe3+ 40. Kh1
Rd2 41. Qc3+ Qxc3 42. Nxc3 f5 43. Rg1 Re3 44. Nd5 Rxg3 45. Rxg3 Bxg3 46. a4 f4 0-1